00810nam a2200229 u 4500001001000000003000900010005001700019008004100036020001500077040002500092082002300117100001900140245008300159260003600242300002800278500002100306500006600327650003900393650004900432650004900481651005000530000022447DO-SdBNP20260527074041.0100813s1996 dr r 001 0 spa d a8492148004 aDO-SdBNPbspacBNPHU a324.6097293bP349c1 aPeña, Angela10aCampañas y crisis electorales :bla experiencia dominicana /cAngela Peña. aSanto Domingo :bLozano,c1996. a385 p. :bil. ;c23 cm. aIncluye índice aIncluye datos biográficos de la autora en la contracubierta 4aEleccioneszRepública Dominicana 0aPartidos políticoszRepública Dominicana 0aCampaña electoral zRepública Dominicana 0aRepública DominicanaxPolítica y gobierno